Coats of Arms of the Districts of Portugal - Statistics

General Stats
  • This quiz has been taken 12 times
  • The average score is 10 of 18
Answer Stats
Picture Answer % Correct
Lisbon
89%
Braga
78%
Oporto
78%
Castelo Branco
67%
Coimbra
67%
Aveiro
56%
Beja
56%
Bragança
56%
Leiria
56%
Portalegre
56%
Setúbal
56%
Évora
44%
Faro
44%
Guarda
44%
Santarém
44%
Viana do Castelo
44%
Viseu
44%
Vila Real
33%
No matching quizzes found
Score Distribution
Percent of People with Each Score
Percentile by Number Answered
Your Score History
You have not taken this quiz